000 00648cam a22002172a 4500
001 003814
003 AR-FADEU
008 311216n1994####xxu####################dd
020 _a950-99711-8-9
092 _a320.1
_bS192
100 _aSampay, Arturo Enrique
245 _aIntroducción a la teoría del estado y otros ensayos
260 _aBuenos Aires
260 _bTheoría
260 _c1994
300 _a566 p
440 _aIdentidad Nacional
_n90
500 _aPrólogo de Abelardo Paz.-- Incluye bibliografía
650 _aDERECHO POLITICO; ESTADO-TEORIA; ESTUDIANTE-PARTICIPACION POLITICA; CONCILIO VATICANO II
942 _cBDGR
999 _c9642
_d9642